000
00306nam a22001457a 4500
003
SGT
082
_a
616.024
_b
H07P
100
_a
PRABHU ,S.R.
245
_a
HIV/AIDS IN DENTAL PRACTICE
260
_a
INDIA
_b
DCI
_c
2007
300
_a
298
650
_a
HOMOEOPATHIC
653
_a
HIV, AIDS
942
_2
ddc
_c
BK
999
_c
18190
_d
18190